Reglamento de la Asociación de Socorro á la Clase Obrera, establecida en la villa de Badalona : aprobado por el Exmo. Sr. Gobernador civil de esta Provincia en 23 de noviembre de 1850 aprobado por el Exmo. Sr. Gobernador civil de esta Provincia en 23 de noviembre de 1850
Descripción Física:
11, [4] p. ; 15 cm
MARC
| LEADER | 00000nam a2200000Ia 4500 | ||
|---|---|---|---|
| 001 | 21831 | ||
| 003 | BGR | ||
| 005 | 20260324180152.0 | ||
| 008 | 160829s1864 xx 000 0 cat d | ||
| 080 | |a 777, exp. 7 | ||
| 110 | 2 | |9 70346 |a Asociación de Socorro á la Clase Obrera | |
| 245 | |a Reglamento de la Asociación de Socorro á la Clase Obrera, establecida en la villa de Badalona : |b aprobado por el Exmo. Sr. Gobernador civil de esta Provincia en 23 de noviembre de 1850 | ||
| 260 | |a Barcelona : |b Imprenta de los herederos de la v. Pla, |c 1864 | ||
| 300 | |a 11, [4] p. ; |c 15 cm | ||
| 650 | |a Asociación de Socorro á la Clase Obrera |9 48404 | ||
| 650 | |a Associacions, institucions, etc. |x Badalona |9 48405 | ||
| 901 | |a Arxiu | ||
| 942 | |n 1 |2 udc |c MON | ||
| 952 | |0 0 |1 0 |4 0 |6 777_EXP_7 |7 1 |9 54524 |a Arxiu |b Arxiu |d 2016-12-01 |l 0 |o 777, exp. 7 |p 21831 |r 2016-12-01 00:00:00 |w 2016-12-01 |y ARXIU | ||
| 999 | |c 58393 |d 58393 | ||